00847nam a2200277Ia 4500008004100000020001800041050001800059050001400077100003100091245002200122245001600144245003000160250001600190260001700206260002500223260000900248300001600257300002000273300001100293500002100304650004100325650003600366650002600402999001900428952012200447160319s9999 xx 000 0 und d a971-08-6992-2 aFIL QA 154.3  b.M67 2009 aMoscoso, Felicula Balucan. aCollege Algebra : bmade easy / cFelicula Balucan moscoso. a2nd Edition aMandaluyong: bNational Book Store, c2009 a168 pages : billustrations ; c22 cm. aIncludes index.  aAlgebra -- Problems, exercises, etc. aAlgebra -- Study and teaching.  xAlgebra -- Textbooks. c291823d291823 001040aSMCbSMCcFILd2011-02-14g435.00l0oFIL QA 154.3 .M67 2009pSMC05451r2016-03-19 00:00:00w2016-03-19yBK